000 00970pam a2200277 a 4500
001 014524277
003 Uk
005 20150408113918.0
008 080213s2009 nyua 001 0 eng d
015 _aGBA819502
_2bnb
020 _a9780071263870 (International ed. : pbk.) :
_c£42.99
020 _a007126387X (International ed. : pbk.) :
_c£42.99
040 _aStDuBDS
_beng
_cStDuBDS
_dUk
042 _aukblcatcopy
082 0 4 _a005.117
_222
_bSDO
100 1 _aSkrien, Dale John.
_94164
245 1 0 _aObject-oriented design using Java /
_cDale Skrien.
260 _aNew York :
_bMcGraw-Hill Higher Education ;
_aLondon :
_bMcGraw-Hill [distributor],
_c2009.
300 _axiv, 340 p. :
_bill. ;
_c24 cm.
500 _aIncludes index.
500 _aFormerly CIP.
_5Uk
650 0 _aObject-oriented programming (Computer science)
_93959
650 0 _aJava (Computer program language)
_93299
942 _2ddc
_cDVD
999 _c14301
_d248801